000 00719nam a2200193 a 4500
005 20140412111324.0
008 000829s19uu xx 00 eng d
020 _a0-7534-0118-5
050 _aREF 030
_bW872 1999
100 _aMacdonald, Fiona
245 _aI wonder why Greeks built temples :
_band other questions about ancient Greece /
_cFiona Macdonald.
260 _aDanbury, Connecticut :
_bGrolier Inc,
_c1999.
300 _a32 p.
440 _aI wonder why
500 _aIncludes index
520 _aI Wonder Why Trees Have Leaves is jam-packed with fascinating facts about Ancient Greece, from 'Why did farmers beat their trees?' to 'Who ran the first marathon?'
650 _aHistory
999 _c104545
_d104545